000 00588nam a22001937a 4500
999 _c525710
_d525710
003 NUST
005 20190704053032.0
008 190704b ||||| |||| 00| 0 eng d
038 _aAttaullah.
082 _a621.3678
100 _aNasir, Javeriya
_916649
245 _aModelling Dengue Occurrence Probabilities for 2016 Summers in Punjab /
_cJaveriya Nasir.
260 _aIslamabad :
_bIGIS - NUST,
_c2018.
300 _axii, 50 p. : ill. ;
_c30cm.
500 _aHardcover.
650 _2Remote Sensing and GIS - MS Thesis.
700 _aDr. Salman Atif.
_916650
942 _2ddc
_cTHE